书目信息 |
| 题名: |
工业装置安全卫生预评价方法
|
|
| 作者: | 郭振龙 编 | |
| 分册: | ||
| 出版信息: | 北京 化学工业出版社 1999.08 |
|
| 页数: | 106页 | |
| 开本: | 16开 | |
| 丛书名: | ||
| 单 册: | ||
| 中图分类: | X913 | |
| 科图分类: | ||
| 主题词: | 劳动? | |
| 电子资源: | ||
| ISBN: | 7-5025-2593-9 | |
| 000 | 00585nam0 2200193 45 | |
| 001 | 0011161889 | |
| 005 | 20001212095807.4 | |
| 010 | @a7-5025-2593-9@d15.00元 | |
| 100 | @a20001116d1999 km y0chiy0120 ea | |
| 101 | 0 | @achi |
| 105 | @a z 000yy | |
| 200 | 1 | @a工业装置安全卫生预评价方法@AGong Ye Zhuang Zhi An Quan Wei Sheng Yu Ping Jia Fang Fa@f郭振龙等编@FGuo Zhen Long Deng Bian |
| 210 | @a北京@c化学工业出版社@d1999.08 | |
| 215 | @a106页@d16开 | |
| 606 | 0 | @a劳动? |
| 690 | @aX913@v3 | |
| 701 | 0 | @a郭振龙@4编 |
| 801 | @aCN@bPftUser@c20001116 | |
| 905 | @dX913@eG493@b306962-966@f5 | |
| 工业装置安全卫生预评价方法/郭振龙等编.-北京:化学工业出版社,1999.08 |
| 106页;16开 |
| ISBN 7-5025-2593-9:15.00元 |
| ● |
| 相关链接 |
|
|
|
正题名:工业装置安全卫生预评价方法
索取号:X913/G493
 
预约/预借
| 序号 | 登录号 | 条形码 | 馆藏地/架位号 | 状态 | 备注 |
| 1 | 306962 | 203069623 | 自科库501/501自科库 119排1列1层/ [索取号:X913/G493] | 在馆 | |
| 2 | 306963 | 203069632 | 期刊室512/501自科库 119排1列1层/ [索取号:X913/G493] | 在馆 | |
| 3 | 306964 | 203069641 | 自科库501/501自科库 119排1列1层/ [索取号:X913/G493] | 在馆 | |
| 4 | 306965 | 203069650 | 自科二线400A/400A自科库 27排2列5层/ [索取号:X913/G493] | 在馆 | |
| 5 | 306966 | 203069669 | 期刊室512/501自科库 119排1列1层/ [索取号:X913/G493] | 在馆 |